| 000 | 00404nam a22001697a 4500 | ||
|---|---|---|---|
| 005 | 20160620142326.0 | ||
| 008 | 160620b xxu||||| |||| 00| 0 eng d | ||
| 020 | _a978-0-19-806464-0 | ||
| 041 | _aeng | ||
| 082 | _b8562 | ||
| 100 |
_aSones, Catherin and Ferguson, shello _92326 |
||
| 245 | _aA to Z of Spelling | ||
| 260 |
_boxford _c2010 |
||
| 300 | _a135 | ||
| 650 |
_aManagement _9241 |
||
| 942 | _cBK | ||
| 999 |
_c3286 _d3285 |
||